Trắc nghiệm vật lý theo chuyên đề cơ học vật rắn
Trình bày các kĩ năng giải bài tập trắc nghiệm và các kiến thức mở rộng giúp học sinh hiểu sâu hơn phần lí thuyết cơ học vật rắn đã học
Wedi'i Gadw mewn:
| Prif Awdur: | |
|---|---|
| Fformat: | Llyfr |
| Iaith: | Undetermined |
| Cyhoeddwyd: |
Hà Nội
Giáo dục
2009
|
| Pynciau: | |
| Tagiau: |
Ychwanegu Tag
Dim Tagiau, Byddwch y cyntaf i dagio'r cofnod hwn!
|
| Thư viện lưu trữ: | Trung tâm Học liệu Trường Đại học Cần Thơ |
|---|
| LEADER | 00897nam a2200217Ia 4500 | ||
|---|---|---|---|
| 001 | CTU_197493 | ||
| 008 | 210402s9999 xx 000 0 und d | ||
| 020 | |c 16000 | ||
| 082 | |a 531.0712 | ||
| 082 | |b Th102 | ||
| 100 | |a Lê, Hoàn Thạch | ||
| 245 | 0 | |a Trắc nghiệm vật lý theo chuyên đề cơ học vật rắn | |
| 245 | 0 | |c Lê Hoàn Thạch | |
| 260 | |a Hà Nội | ||
| 260 | |b Giáo dục | ||
| 260 | |c 2009 | ||
| 520 | |a Trình bày các kĩ năng giải bài tập trắc nghiệm và các kiến thức mở rộng giúp học sinh hiểu sâu hơn phần lí thuyết cơ học vật rắn đã học | ||
| 650 | |a Physics,Vật lí | ||
| 650 | |x Study and teaching (Secondary),Dạy và học (trung học phổ thông) | ||
| 904 | |i Nguyên | ||
| 980 | |a Trung tâm Học liệu Trường Đại học Cần Thơ | ||